[Event "GBR-ch78"]
[Site "Eastbourne"]
[Date "1991.08.02"]
[Round "5.1"]
[White "Hodgson, Julian M"]
[Black "Howell, James C"]
[Result "1-0"]
[WhiteElo "2570"]
[BlackElo "2455"]
[PlyCount "71"]
[EventDate "1991.07.29"]
[EventType "swiss"]
[EventRounds "11"]
[EventCountry "GBR"]
[SourceTitle "EXT 1997"]
[Source "ChessBase"]
[SourceDate "1996.11.15"]
[SourceVersion "1"]
[SourceVersionDate "1996.11.15"]
[SourceQuality "1"]

1. d4 Nf6 2. Bg5 e6 3. e4 h6 4. Bxf6 Qxf6 5. Nf3 d6 6. Nc3 Nc6 7. Qd2 Bd7 8.
O-O-O O-O-O 9. d5 Ne7 10. Qe3 Kb8 11. e5 Qg6 12. exd6 cxd6 13. dxe6 fxe6 14.
Rxd6 Nf5 15. Rxd7 Rxd7 16. Ne5 Qe8 17. Nxd7+ Qxd7 18. Qe4 Bc5 19. Bc4 Nd6 20.
Qe5 Qc7 21. Bxe6 Nb5 22. Qxc7+ Nxc7 23. Bg4 Bxf2 24. Rd1 Bh4 25. Rd7 Bg5+ 26.
Kb1 Bf6 27. Ne4 Be5 28. h3 a6 29. c3 Ka7 30. Bf3 Kb6 31. Nd6 Bh2 32. Nxb7 Ne6
33. a4 a5 34. Rd5 Ng5 35. Rb5+ Kc7 36. Bd5 1-0

[Event "GBR-ch78"]
[Site "Eastbourne"]
[Date "1991.08.02"]
[Round "5.2"]
[White "Hebden, Mark"]
[Black "Thipsay, Praveen Mahadeo"]
[Result "1/2-1/2"]
[WhiteElo "2485"]
[BlackElo "2490"]
[PlyCount "89"]
[EventDate "1991.07.29"]
[EventType "swiss"]
[EventRounds "11"]
[EventCountry "GBR"]
[SourceTitle "EXT 1997"]
[Source "ChessBase"]
[SourceDate "1996.11.15"]
[SourceVersion "1"]
[SourceVersionDate "1996.11.15"]
[SourceQuality "1"]

1. d4 Nf6 2. Nf3 g6 3. Nc3 d5 4. Bf4 Bg7 5. e3 c6 6. Qd2 Nbd7 7. h3 O-O 8. Bd3
b6 9. e4 dxe4 10. Nxe4 Bb7 11. O-O-O c5 12. dxc5 Bxe4 13. Bxe4 Nxe4 14. Qxd7
Nxc5 15. Qxd8 Rfxd8 16. Rhe1 Ne6 17. Be3 Kf8 18. c3 Ke8 19. Kc2 Rxd1 20. Rxd1
Rd8 21. Ra1 Rd6 22. a4 a6 23. Ra3 Kd7 24. Rb3 Kc7 25. Rb4 Rc6 26. g4 f6 27. Re4
Kd7 28. Nd2 Nc7 29. Rd4+ Kc8 30. Rc4 Rxc4 31. Nxc4 b5 32. axb5 axb5 33. Na3 Kd7
34. Kd3 f5 35. gxf5 gxf5 36. f4 Kc6 37. Nc2 Ne6 38. Nb4+ Kd6 39. Ke2 Bh6 40.
Kf3 Bg7 41. Ba7 Nd8 42. Ke3 Nc6 43. Nxc6 Kxc6 44. Bd4 Bf8 45. Be5 1/2-1/2

[Event "GBR-ch78"]
[Site "Eastbourne"]
[Date "1991.08.02"]
[Round "5.3"]
[White "Basman, Michael J"]
[Black "Barua, Dibyendu"]
[Result "0-1"]
[WhiteElo "2365"]
[BlackElo "2550"]
[PlyCount "78"]
[EventDate "1991.07.29"]
[EventType "swiss"]
[EventRounds "11"]
[EventCountry "GBR"]
[SourceTitle "EXT 1997"]
[Source "ChessBase"]
[SourceDate "1996.11.15"]
[SourceVersion "1"]
[SourceVersionDate "1996.11.15"]
[SourceQuality "1"]

1. h3 e5 2. c4 Nc6 3. Nc3 g6 4. d3 Bg7 5. g4 h5 6. g5 Nge7 7. Bg2 Nd4 8. Bd2
Nef5 9. Nf3 Nxf3+ 10. Bxf3 Nh4 11. Be4 d6 12. Qb3 c6 13. O-O-O O-O 14. Rhg1 Qc7
15. Kb1 Be6 16. Rc1 Qd7 17. Bh1 b5 18. Ne4 bxc4 19. dxc4 Rab8 20. Qa4 Bf5 21.
Ka1 Bxe4 22. Bxe4 Rfc8 23. Bc3 Nf5 24. e3 Ne7 25. Rgd1 Qe6 26. Bc2 d5 27. Bb3
d4 28. exd4 exd4 29. Bxd4 Bxd4 30. Rxd4 c5 31. Rd3 Nc6 32. Rcd1 Qf5 33. Rd6 Nd4
34. Qd7 Qxg5 35. R6xd4 cxd4 36. c5 Qf6 37. c6 Rxc6 38. Bxf7+ Kh8 39. Qxa7 Rbc8
0-1

[Event "GBR-ch78"]
[Site "Eastbourne"]
[Date "1991.08.02"]
[Round "5.5"]
[White "Emms, John M"]
[Black "Clarke, Stuart W"]
[Result "1-0"]
[WhiteElo "2425"]
[BlackElo "2335"]
[PlyCount "77"]
[EventDate "1991.07.29"]
[EventType "swiss"]
[EventRounds "11"]
[EventCountry "GBR"]
[SourceTitle "EXT 1997"]
[Source "ChessBase"]
[SourceDate "1996.11.15"]
[SourceVersion "1"]
[SourceVersionDate "1996.11.15"]
[SourceQuality "1"]

1. e4 e6 2. d4 d5 3. Nd2 Nf6 4. e5 Nfd7 5. Ngf3 c5 6. c4 Nc6 7. cxd5 exd5 8.
Bd3 cxd4 9. O-O Nc5 10. Nb3 Bg4 11. Nxc5 Bxc5 12. a3 Bb6 13. Re1 O-O 14. Bc2
Bh5 15. Bf4 Re8 16. Qd3 Bg6 17. Qd2 Rc8 18. Bxg6 hxg6 19. Rad1 Qd7 20. h3 a5
21. g4 a4 22. Qd3 Ra8 23. Re2 Ra5 24. Rde1 Nd8 25. Nxd4 Bxd4 26. Qxd4 Ne6 27.
Qd2 Rb5 28. Bg3 d4 29. f4 Rb3 30. Rg2 Nc5 31. f5 Qd5 32. e6 fxe6 33. fxg6 Nd3
34. Rb1 e5 35. Qg5 Rf8 36. Qh5 Rf3 37. Bh4 Rf6 38. Qh7+ Kf8 39. Bxf6 1-0

[Event "GBR-ch78"]
[Site "Eastbourne"]
[Date "1991.08.02"]
[Round "5.6"]
[White "Lalic, Susan"]
[Black "Martin, Andrew D"]
[Result "1/2-1/2"]
[WhiteElo "2275"]
[BlackElo "2415"]
[PlyCount "66"]
[EventDate "1991.07.29"]
[EventType "swiss"]
[EventRounds "11"]
[EventCountry "GBR"]
[SourceTitle "EXT 1997"]
[Source "ChessBase"]
[SourceDate "1996.11.15"]
[SourceVersion "1"]
[SourceVersionDate "1996.11.15"]
[SourceQuality "1"]

1. e4 Nf6 2. Nc3 e5 3. Nf3 d6 4. d4 exd4 5. Nxd4 Be7 6. Be2 O-O 7. O-O a6 8. a4
c5 9. Nb3 Nc6 10. Bf4 Be6 11. Nd5 Bxd5 12. exd5 Nb4 13. Bf3 c4 14. Nc1 a5 15.
Na2 Nxa2 16. Rxa2 Nd7 17. Qd2 Qc7 18. Rb1 Bf6 19. b4 c3 20. Qd3 Rfe8 21. Raa1
axb4 22. Rxb4 Nc5 23. Qb5 Re7 24. h3 Rae8 25. Qb6 Re1+ 26. Rxe1 Rxe1+ 27. Kh2
Qxb6 28. Rxb6 Bd8 29. Rb4 Be7 30. Be3 Ra1 31. Bxc5 dxc5 32. Rxb7 Bd6+ 33. g3
Rxa4 1/2-1/2

[Event "GBR-ch78"]
[Site "Eastbourne"]
[Date "1991.08.02"]
[Round "5.7"]
[White "Rosenberg, Daniel"]
[Black "Mishra, Neeraj Kumar"]
[Result "0-1"]
[WhiteElo "2230"]
[BlackElo "2375"]
[PlyCount "130"]
[EventDate "1991.07.29"]
[EventType "swiss"]
[EventRounds "11"]
[EventCountry "GBR"]
[SourceTitle "EXT 1997"]
[Source "ChessBase"]
[SourceDate "1996.11.15"]
[SourceVersion "1"]
[SourceVersionDate "1996.11.15"]
[SourceQuality "1"]

1. d4 g6 2. c4 Bg7 3. Nc3 d6 4. Nf3 Nc6 5. d5 Nb8 6. e4 Nf6 7. Be2 O-O 8. O-O
c6 9. Be3 Nbd7 10. h3 Nc5 11. e5 Nfe4 12. Nxe4 Nxe4 13. dxc6 bxc6 14. Qc2 Nc5
15. Nd4 Qc7 16. exd6 exd6 17. Bf3 Bb7 18. b4 Ne6 19. Rad1 Rad8 20. c5 d5 21.
Rfe1 Rfe8 22. Qd2 Ba6 23. a4 Bc4 24. h4 h5 25. Rc1 Kh7 26. Nxc6 Qxc6 27. Rxc4
Qxa4 28. Rcc1 d4 29. Bg5 f6 30. Ra1 Qb5 31. Bf4 Nxf4 32. Qxf4 Qxb4 33. Reb1
Qxc5 34. Rb7 Re7 35. Raxa7 Qxa7 36. Rxa7 Rxa7 37. g4 hxg4 38. Qxg4 Ra5 39. Qe4
f5 40. Qe7 Rf8 41. h5 Rf6 42. Qd8 Ra1+ 43. Kg2 Ra4 44. h6 Kxh6 45. Qc7 Bf8 46.
Qh2+ Kg7 47. Qc7+ Rf7 48. Qe5+ Kh7 49. Bd5 Rfa7 50. Qe8 Be7 51. Bf7 R4a6 52.
Qg8+ Kh6 53. Kg3 Ra8 54. Be8 Bd6+ 55. Kh3 Be5 56. Qf7 R8a7 57. Qd5 Re7 58. Bb5
Rd6 59. Qb3 Kg5 60. Kg2 Rh7 61. Bd3 Rh2+ 62. Kf3 Rc6 63. Qd5 Rc3 64. Qxe5 Rxd3+
65. Ke2 Re3+ 0-1

[Event "GBR-ch78"]
[Site "Eastbourne"]
[Date "1991.08.02"]
[Round "5.8"]
[White "Cooper, John Grantley"]
[Black "Hennigan, Michael T"]
[Result "1-0"]
[WhiteElo "2370"]
[BlackElo "2300"]
[PlyCount "151"]
[EventDate "1991.07.29"]
[EventType "swiss"]
[EventRounds "11"]
[EventCountry "GBR"]
[SourceTitle "EXT 1997"]
[Source "ChessBase"]
[SourceDate "1996.11.15"]
[SourceVersion "1"]
[SourceVersionDate "1996.11.15"]
[SourceQuality "1"]

1. d4 Nf6 2. c4 g6 3. Nc3 Bg7 4. e4 d6 5. Nf3 O-O 6. Be2 e5 7. d5 Nbd7 8. Be3
Ne8 9. O-O f5 10. exf5 gxf5 11. Ng5 Nc5 12. f4 e4 13. Qd2 a5 14. Nb5 Bd7 15.
Nd4 Qf6 16. Kh1 Kh8 17. g4 h6 18. gxf5 Bxf5 19. Nxf5 Qxf5 20. Bxc5 dxc5 21. Ne6
Rg8 22. Nxc5 Nd6 23. Qe3 Bxb2 24. Rab1 Qf6 25. Qh3 b6 26. Nd7 Qg7 27. Rxb2 Nf5
28. Ne5 Ne3 29. Rfb1 Ng2 30. f5 Nf4 31. Nf7+ Kh7 32. Qf1 Nxe2 33. Rxe2 Qxf7 34.
Rxe4 Raf8 35. Rf4 Rg5 36. f6 Rg6 37. Qd3 Kh8 38. Rbf1 Rfg8 39. Qh3 Kh7 40. Qd3
Kh8 41. Qh3 Kh7 42. Qf3 Qf8 43. Qd3 Qf7 44. R4f2 Kh8 45. a4 Re8 46. Rf3 Rf8 47.
Qf5 Rg5 48. Qf4 Rg6 49. Qd4 Re8 50. R3f2 Kh7 51. Qd3 Kh8 52. Qf5 Rg5 53. Qf3
Rg6 54. Qd3 Reg8 55. Qh3 Kh7 56. Qe6 Rf8 57. Rf3 Kh8 58. Rf4 Kh7 59. R4f2 Kh8
60. Qe7 Kg8 61. Rf4 Kh8 62. h3 Kg8 63. Kh2 Kh8 64. Qe6 Kh7 65. R1f2 Kh8 66. Qe7
Kg8 67. Qe6 Kh8 68. Qe5 Re8 69. Qd4 Kg8 70. Rg4 Rxg4 71. hxg4 Kh7 72. Qf4 Rf8
73. Kg3 Rg8 74. Re2 Kh8 75. Qxh6+ Qh7 76. Rh2 1-0

[Event "GBR-ch78"]
[Site "Eastbourne"]
[Date "1991.08.02"]
[Round "5.9"]
[White "Knox, Victor W"]
[Black "Ward, Chris R"]
[Result "0-1"]
[WhiteElo "2310"]
[BlackElo "2435"]
[PlyCount "68"]
[EventDate "1991.07.29"]
[EventType "swiss"]
[EventRounds "11"]
[EventCountry "GBR"]
[SourceTitle "EXT 1997"]
[Source "ChessBase"]
[SourceDate "1996.11.15"]
[SourceVersion "1"]
[SourceVersionDate "1996.11.15"]
[SourceQuality "1"]

1. e4 c5 2. Nf3 d6 3. d4 cxd4 4. Nxd4 Nf6 5. Nc3 g6 6. Be2 Bg7 7. O-O O-O 8.
Kh1 Nc6 9. Nb3 a6 10. Bg5 b5 11. a3 Be6 12. f4 Rc8 13. Bd3 Re8 14. Qe1 h6 15.
Bh4 Bc4 16. Rd1 Qc7 17. Bf2 e5 18. fxe5 Nxe5 19. Nd4 d5 20. Bg3 Qb7 21. Bh4
Nxe4 22. Nxe4 dxe4 23. Bxe4 Qb6 24. Rf4 g5 25. Nf5 gxf4 26. Rd6 Qc7 27. Bf6
Bxf6 28. Rxf6 Ng6 29. Nxh6+ Kg7 30. Ng4 Rxe4 31. Qxe4 Qc5 32. h4 Rh8 33. Rxg6+
fxg6 34. Qb7+ Bf7 0-1

[Event "GBR-ch78"]
[Site "Eastbourne"]
[Date "1991.08.02"]
[Round "5.10"]
[White "Britton, Richard"]
[Black "McDonald, Neil R"]
[Result "1-0"]
[WhiteElo "2255"]
[BlackElo "2390"]
[PlyCount "121"]
[EventDate "1991.07.29"]
[EventType "swiss"]
[EventRounds "11"]
[EventCountry "GBR"]
[SourceTitle "EXT 1997"]
[Source "ChessBase"]
[SourceDate "1996.11.15"]
[SourceVersion "1"]
[SourceVersionDate "1996.11.15"]
[SourceQuality "1"]

1. e4 e6 2. d3 d5 3. Nd2 Nf6 4. Ngf3 Nc6 5. c3 a5 6. Be2 g6 7. O-O Bg7 8. Re1
O-O 9. Qc2 b6 10. Nf1 Ba6 11. Bg5 Qc8 12. Ne3 dxe4 13. dxe4 Bxe2 14. Rxe2 h6
15. Bxf6 Bxf6 16. Ng4 Bg7 17. e5 Qa6 18. c4 a4 19. Nf6+ Kh8 20. Qe4 Ne7 21. h4
a3 22. b3 Qa5 23. Rd1 Rad8 24. Red2 Rxd2 25. Rxd2 Bxf6 26. exf6 Ng8 27. Qf4 Qc3
28. Qxc7 b5 29. Qd6 Re8 30. cxb5 e5 31. Qd7 Re6 32. Qxf7 Rxf6 33. Qd5 e4 34.
Ne5 e3 35. fxe3 Qxe3+ 36. Kh2 Qf4+ 37. g3 Qb4 38. Re2 h5 39. Nd3 Qf8 40. Qe5
Nh6 41. Qe8 Ng4+ 42. Kg2 Qxe8 43. Rxe8+ Kg7 44. Nf4 Rd6 45. Re6 Rd2+ 46. Re2
Rd6 47. Ne6+ Kf6 48. Nc5 Kf5 49. Na4 Rd5 50. Nc3 Rd6 51. Nb1 Rd3 52. Nxa3 Ne3+
53. Kh3 g5 54. hxg5 Nd5 55. Kh4 Rd1 56. Rh2 Ne3 57. Nc4 Ng4 58. Kh3 Rg1 59. b6
h4 60. Nd6+ Kxg5 61. Ne4+ 1-0

[Event "GBR-ch78"]
[Site "Eastbourne"]
[Date "1991.08.02"]
[Round "5.11"]
[White "Rahman, Zillur"]
[Black "McLaren, Leonard"]
[Result "1-0"]
[WhiteElo "2380"]
[BlackElo "2250"]
[PlyCount "79"]
[EventDate "1991.07.29"]
[EventType "swiss"]
[EventRounds "11"]
[EventCountry "GBR"]
[SourceTitle "EXT 1997"]
[Source "ChessBase"]
[SourceDate "1996.11.15"]
[SourceVersion "1"]
[SourceVersionDate "1996.11.15"]
[SourceQuality "1"]

1. g3 g6 2. Bg2 Bg7 3. d4 d5 4. Nf3 Nf6 5. O-O O-O 6. c4 c6 7. b3 b6 8. Bb2 Bb7
9. Nbd2 Nbd7 10. Qc2 Rb8 11. Rad1 b5 12. c5 Qc7 13. Rfe1 Rbd8 14. e3 Bc8 15.
Bc3 Rfe8 16. a4 bxa4 17. Ra1 Ba6 18. Rxa4 Bb5 19. Ra3 Rb8 20. Rea1 a6 21. Bf1
h5 22. Bxb5 axb5 23. Ra7 Rb7 24. Qa2 Reb8 25. Rxb7 Qxb7 26. b4 Ne8 27. Nb3 e6
28. Qa6 Kf8 29. Qxb7 Rxb7 30. Ra8 Ke7 31. Na5 Rc7 32. Ra6 Nb8 33. Rb6 Rc8 34.
Rxb8 Rxb8 35. Nxc6+ Kd7 36. Nxb8+ Kc7 37. Ng5 Kxb8 38. Nxf7 Bf6 39. f3 Kc7 40.
g4 1-0

[Event "GBR-ch78"]
[Site "Eastbourne"]
[Date "1991.08.02"]
[Round "5.12"]
[White "Coleman, David J"]
[Black "Ledger, Andrew"]
[Result "1/2-1/2"]
[WhiteElo "2265"]
[BlackElo "2345"]
[PlyCount "114"]
[EventDate "1991.07.29"]
[EventType "swiss"]
[EventRounds "11"]
[EventCountry "GBR"]
[SourceTitle "EXT 1997"]
[Source "ChessBase"]
[SourceDate "1996.11.15"]
[SourceVersion "1"]
[SourceVersionDate "1996.11.15"]
[SourceQuality "1"]

1. e4 g6 2. d4 Bg7 3. Nc3 d6 4. f4 Nc6 5. Be3 Nf6 6. Nf3 O-O 7. Be2 a6 8. e5
Ng4 9. Qd2 Nxe3 10. Qxe3 e6 11. g4 f6 12. O-O-O fxe5 13. dxe5 Qe7 14. Rhf1 Bd7
15. h4 Rad8 16. g5 Bc8 17. Ne4 dxe5 18. fxe5 Rxd1+ 19. Rxd1 Bxe5 20. Nxe5 Nxe5
21. Nf6+ Rxf6 22. gxf6 Qxf6 23. Rf1 Qg7 24. Qg5 Nc6 25. Bf3 h6 26. Qg2 Ne5 27.
Be4 c6 28. Rg1 Kf7 29. Qd2 h5 30. Qd8 Qf6 31. Qc7+ Bd7 32. Bg2 Qf4+ 33. Kb1 Ke7
34. Rd1 Qg4 35. Qd6+ Ke8 36. Rd2 Qf5 37. b3 g5 38. Qd4 g4 39. Be4 Qf1+ 40. Kb2
Qf6 41. Bg6+ Kd8 42. Bxh5 g3 43. c3 c5 44. Qxc5 Qh6 45. Qa5+ Kc8 46. Re2 Nd3+
47. Kc2 Bb5 48. c4 Qxh5 49. Rd2 g2 50. Rxd3 Qe2+ 51. Rd2 Qe4+ 52. Kb2 Qe5+ 53.
Kc2 Qf5+ 54. Rd3 Qf2+ 55. Rd2 Qf5+ 56. Rd3 Qf2+ 57. Rd2 Qf5+ 1/2-1/2

[Event "GBR-ch78"]
[Site "Eastbourne"]
[Date "1991.08.02"]
[Round "5.14"]
[White "Norwood, David"]
[Black "Byway, Paul V"]
[Result "1-0"]
[WhiteElo "2500"]
[BlackElo "2315"]
[PlyCount "103"]
[EventDate "1991.07.29"]
[EventType "swiss"]
[EventRounds "11"]
[EventCountry "GBR"]
[SourceTitle "EXT 1997"]
[Source "ChessBase"]
[SourceDate "1996.11.15"]
[SourceVersion "1"]
[SourceVersionDate "1996.11.15"]
[SourceQuality "1"]

1. g3 c5 2. Bg2 d5 3. c4 e6 4. Nf3 Nf6 5. O-O Be7 6. b3 O-O 7. Bb2 Nc6 8. cxd5
exd5 9. d4 Ne4 10. dxc5 Bxc5 11. Nbd2 Bg4 12. Rc1 Qb6 13. Nxe4 dxe4 14. Ng5 Be3
15. fxe3 Qxe3+ 16. Rf2 Rad8 17. Qc2 Rd2 18. Qc3 Qxg5 19. h4 Qh6 20. Rf4 Rxb2
21. Qxb2 f5 22. b4 Qe6 23. Rc5 b6 24. Rc2 Rd8 25. Rd2 Rxd2 26. Qxd2 h5 27. Rf1
Ne5 28. Rd1 Kh7 29. Qd5 Qe7 30. Bf1 Nd3 31. exd3 Bxd1 32. Qxf5+ g6 33. Qxe4
Qxe4 34. dxe4 Kg7 35. e5 Kf7 36. Bc4+ Ke7 37. Kf2 Bc2 38. Ke3 Bf5 39. Bd3 Be6
40. Bxg6 Bxa2 41. Bxh5 a5 42. bxa5 bxa5 43. Bd1 Be6 44. Ba4 Kf7 45. Kf4 Kg6 46.
g4 Kh6 47. h5 Bc8 48. g5+ Kg7 49. h6+ Kf7 50. Bb3+ Kg6 51. Bc2+ Kf7 52. g6+ 1-0

[Event "GBR-ch78"]
[Site "Eastbourne"]
[Date "1991.08.02"]
[Round "5.16"]
[White "Mortazavi, Ali"]
[Black "Arkell, Keith C"]
[Result "1-0"]
[WhiteElo "2275"]
[BlackElo "2455"]
[PlyCount "127"]
[EventDate "1991.07.29"]
[EventType "swiss"]
[EventRounds "11"]
[EventCountry "GBR"]
[SourceTitle "EXT 1997"]
[Source "ChessBase"]
[SourceDate "1996.11.15"]
[SourceVersion "1"]
[SourceVersionDate "1996.11.15"]
[SourceQuality "1"]

1. e4 c6 2. d4 d5 3. Nd2 dxe4 4. Nxe4 Nd7 5. Ng5 Ngf6 6. Bd3 e6 7. N1f3 Be7 8.
O-O h6 9. Ne4 c5 10. Nxc5 Nxc5 11. dxc5 Bxc5 12. b3 O-O 13. Bb2 b6 14. Qe2 Bb7
15. Rad1 Qe7 16. Ne5 Rfd8 17. Ng4 Nxg4 18. Qxg4 Qg5 19. Qxg5 hxg5 20. Rfe1 a6
21. Bc1 Be7 22. Be3 b5 23. c4 Bc6 24. f3 Bb4 25. Rf1 f6 26. Be2 Kf7 27. Kf2 Ke7
28. Rxd8 Rxd8 29. Rc1 Be8 30. cxb5 axb5 31. Rc7+ Rd7 32. Rc8 Rb7 33. Ra8 Bd6
34. g3 b4 35. Bc4 Bc6 36. Rg8 Kf7 37. Rc8 Bd7 38. Ra8 Be7 39. Ra6 Rc7 40. Ke2
f5 41. g4 g6 42. f4 gxf4 43. Bxf4 Rb7 44. g5 Bb5 45. Ra5 Bc6 46. Ra6 Bb5 47.
Ra5 Bd7 48. Ra6 Bd8 49. Kf3 Bc7 50. Bxc7 Rxc7 51. Ra5 Ke7 52. Kf4 Kd6 53. h4
Be8 54. Re5 Bf7 55. h5 gxh5 56. g6 Bg8 57. Re2 Rg7 58. Kg5 Ke7 59. Bd3 f4 60.
Re4 f3 61. Rxb4 e5 62. Kh6 Kf6 63. Rb6+ Be6 64. Rxe6+ 1-0

[Event "GBR-ch78"]
[Site "Eastbourne"]
[Date "1991.08.02"]
[Round "5.17"]
[White "Anagnostopoulos, Dimitrios"]
[Black "Lund, D Brett"]
[Result "1-0"]
[WhiteElo "2395"]
[BlackElo "2290"]
[PlyCount "103"]
[EventDate "1991.07.29"]
[EventType "swiss"]
[EventRounds "11"]
[EventCountry "GBR"]
[SourceTitle "EXT 1997"]
[Source "ChessBase"]
[SourceDate "1996.11.15"]
[SourceVersion "1"]
[SourceVersionDate "1996.11.15"]
[SourceQuality "1"]

1. Nf3 f5 2. g3 Nf6 3. Bg2 g6 4. O-O Bg7 5. d3 O-O 6. e4 d6 7. exf5 gxf5 8. d4
Na6 9. c4 c5 10. Nc3 cxd4 11. Nxd4 Nc5 12. Re1 e5 13. Ndb5 e4 14. Qxd6 Qxd6 15.
Nxd6 Nd3 16. Rd1 Be6 17. Rxd3 exd3 18. Bxb7 Rad8 19. c5 Rxd6 20. cxd6 Rd8 21.
Be3 Rxd6 22. Bxa7 Ne4 23. Bxe4 fxe4 24. Nxe4 Rd8 25. Be3 Bxb2 26. Rb1 Bg7 27.
a4 Ra8 28. f3 Bd5 29. Rb4 Bc6 30. Nd2 Bxa4 31. Bd4 Bf8 32. Rb7 Re8 33. Rb2 Re1+
34. Kg2 Re2+ 35. Kh3 Bd7+ 36. g4 Ba3 37. Rb3 Bd6 38. Nf1 d2 39. Rd3 Bb4 40. Be3
Bc6 41. Kg3 Ba5 42. Bxd2 Bc7+ 43. Bf4 Bxf4+ 44. Kxf4 Rf2 45. Ng3 Rxh2 46. Nf5
Rc2 47. Rd8+ Kf7 48. Rh8 Rc4+ 49. Kg3 Kg6 50. Rd8 h5 51. Rd6+ Kg5 52. Nh4 1-0

[Event "GBR-ch78"]
[Site "Eastbourne"]
[Date "1991.08.02"]
[Round "5.18"]
[White "Dishman, Stephen"]
[Black "Rayner, Francis"]
[Result "1/2-1/2"]
[WhiteElo "2360"]
[BlackElo "2265"]
[PlyCount "48"]
[EventDate "1991.07.29"]
[EventType "swiss"]
[EventRounds "11"]
[EventCountry "GBR"]
[SourceTitle "EXT 1997"]
[Source "ChessBase"]
[SourceDate "1996.11.15"]
[SourceVersion "1"]
[SourceVersionDate "1996.11.15"]
[SourceQuality "1"]

1. e4 e5 2. Nc3 Nf6 3. Bc4 Bc5 4. d3 d6 5. f4 Ng4 6. f5 Bf2+ 7. Kf1 Ne3+ 8.
Bxe3 Bxe3 9. Nd5 Bxg1 10. Rxg1 c6 11. Nc3 b5 12. Nxb5 d5 13. Bb3 dxe4 14. dxe4
Qxd1+ 15. Rxd1 Ba6 16. a4 Nd7 17. Rd6 Nb8 18. Rd3 cxb5 19. Bd5 bxa4 20. Bxa8
Bxd3+ 21. cxd3 Ke7 22. Ke2 Nd7 23. Bd5 Rb8 24. Rb1 f6 1/2-1/2

[Event "GBR-ch78"]
[Site "Eastbourne"]
[Date "1991.08.02"]
[Round "5.19"]
[White "Rogers, Jonathan"]
[Black "Canfell, Gregory"]
[Result "1-0"]
[WhiteElo "2245"]
[BlackElo "2355"]
[PlyCount "93"]
[EventDate "1991.07.29"]
[EventType "swiss"]
[EventRounds "11"]
[EventCountry "GBR"]
[SourceTitle "EXT 1997"]
[Source "ChessBase"]
[SourceDate "1996.11.15"]
[SourceVersion "1"]
[SourceVersionDate "1996.11.15"]
[SourceQuality "1"]

1. d4 Nf6 2. Nf3 g6 3. b3 Bg7 4. Bb2 d6 5. e3 O-O 6. Be2 c5 7. O-O b6 8. d5 e5
9. dxe6 fxe6 10. c4 Bb7 11. Nbd2 Nc6 12. h3 Qe7 13. Ne1 e5 14. Bf3 e4 15. Be2
Ne5 16. Nb1 Nh5 17. Nc3 Qg5 18. Nd5 Nf3+ 19. Bxf3 exf3 20. Nxf3 Rxf3 21. Bxg7
Rf5 22. Bb2 Bxd5 23. cxd5 Rxd5 24. Qc2 Rf8 25. f4 Qe7 26. e4 Rd4 27. Bxd4 cxd4
28. Qc4+ Rf7 29. Qxd4 Nxf4 30. Kh2 Qg5 31. g3 Qxg3+ 32. Kxg3 Ne2+ 33. Kg2 Nxd4
34. Rxf7 Kxf7 35. Rd1 Nb5 36. a4 Nc3 37. Rxd6 Nxe4 38. Rd7+ Ke6 39. Rxa7 Nc5
40. b4 Nd7 41. a5 bxa5 42. bxa5 Kd6 43. Kg3 Kc6 44. Kf4 h6 45. Ra6+ Kb5 46.
Rxg6 Kxa5 47. Rxh6 1-0

[Event "GBR-ch78"]
[Site "Eastbourne"]
[Date "1991.08.02"]
[Round "5.23"]
[White "Parr, Frank"]
[Black "Jones, Andrew"]
[Result "1/2-1/2"]
[WhiteElo "2315"]
[BlackElo "2250"]
[PlyCount "43"]
[EventDate "1991.07.29"]
[EventType "swiss"]
[EventRounds "11"]
[EventCountry "GBR"]
[SourceTitle "EXT 1997"]
[Source "ChessBase"]
[SourceDate "1996.11.15"]
[SourceVersion "1"]
[SourceVersionDate "1996.11.15"]
[SourceQuality "1"]

1. f4 d5 2. Nf3 g6 3. e3 Bg7 4. Be2 c5 5. O-O Nf6 6. d3 Nc6 7. Qe1 O-O 8. Kh1
b6 9. e4 Nd4 10. Nxd4 cxd4 11. e5 Nd7 12. Bf3 e6 13. Na3 a6 14. Bd2 f6 15. exf6
Qxf6 16. Qe2 Nc5 17. Rae1 Bd7 18. Nb1 Rac8 19. Bc1 b5 20. Qd2 Nb7 21. Qf2 Nd6
22. g4 1/2-1/2

[Event "GBR-ch78"]
[Site "Eastbourne"]
[Date "1991.08.02"]
[Round "5.25"]
[White "Rahman, Tahmidur"]
[Black "Forbes, Cathy"]
[Result "0-1"]
[WhiteElo "2305"]
[BlackElo "2140"]
[PlyCount "72"]
[EventDate "1991.07.29"]
[EventType "swiss"]
[EventRounds "11"]
[EventCountry "GBR"]
[SourceTitle "EXT 1997"]
[Source "ChessBase"]
[SourceDate "1996.11.15"]
[SourceVersion "1"]
[SourceVersionDate "1996.11.15"]
[SourceQuality "1"]

1. d4 Nf6 2. c4 e6 3. g3 c5 4. Nf3 cxd4 5. Nxd4 a6 6. Bg2 Qc7 7. b3 Nc6 8. O-O
Nxd4 9. Qxd4 Bc5 10. Qd2 O-O 11. Bb2 d6 12. Nc3 Bd7 13. a3 Bc6 14. e4 b5 15. b4
Ba7 16. cxb5 axb5 17. Rac1 Qb8 18. e5 Nd5 19. Ne4 Qb6 20. Nxd6 Rad8 21. Rfd1 f6
22. Ne4 fxe5 23. Qc2 Nxb4 24. Qc5 Qxc5 25. Nxc5 Rxd1+ 26. Rxd1 Bxc5 27. axb4
Rxf2 28. Bxc6 Rd2+ 29. bxc5 Rxd1+ 30. Kf2 Rd2+ 31. Ke3 Rxb2 32. Be4 Kf7 33. c6
Ke7 34. Bxh7 Kd6 35. Be4 Rxh2 36. Kd3 Rh3 0-1

[Event "GBR-ch78"]
[Site "Eastbourne"]
[Date "1991.08.02"]
[Round "5.28"]
[White "Parveen, Tanima"]
[Black "Mordue, A Tyson"]
[Result "0-1"]
[WhiteElo "2005"]
[BlackElo "2210"]
[PlyCount "54"]
[EventDate "1991.07.29"]
[EventType "swiss"]
[EventRounds "11"]
[EventCountry "GBR"]
[SourceTitle "EXT 1997"]
[Source "ChessBase"]
[SourceDate "1996.11.15"]
[SourceVersion "1"]
[SourceVersionDate "1996.11.15"]
[SourceQuality "1"]

1. e4 c5 2. Nf3 d6 3. d4 cxd4 4. Nxd4 Nf6 5. Nc3 a6 6. a4 e6 7. Be2 Be7 8. O-O
O-O 9. Kh1 Nc6 10. f4 Qc7 11. Be3 Rd8 12. Nb3 b6 13. Qe1 Rb8 14. Qf2 Na5 15.
Nxa5 bxa5 16. Rab1 Rb4 17. Bd3 Ng4 18. Qe2 Nxe3 19. Qxe3 d5 20. exd5 exd5 21.
Rfe1 Bf8 22. Rf1 d4 23. Bxh7+ Kxh7 24. Qd3+ g6 25. Ne4 Bf5 26. Nf6+ Kg7 27.
Nh5+ Kh8 0-1

[Event "GBR-ch78"]
[Site "Eastbourne"]
[Date "1991.08.03"]
[Round "6.1"]
[White "Barua, Dibyendu"]
[Black "Hodgson, Julian M"]
[Result "1/2-1/2"]
[WhiteElo "2550"]
[BlackElo "2570"]
[PlyCount "84"]
[EventDate "1991.07.29"]
[EventType "swiss"]
[EventRounds "11"]
[EventCountry "GBR"]
[SourceTitle "EXT 1997"]
[Source "ChessBase"]
[SourceDate "1996.11.15"]
[SourceVersion "1"]
[SourceVersionDate "1996.11.15"]
[SourceQuality "1"]

1. e4 d6 2. Nf3 Nf6 3. Nc3 c6 4. a4 Bg4 5. h3 Bh5 6. g4 Bg6 7. Qe2 e6 8. Bg2 a5
9. d3 Be7 10. h4 h6 11. h5 Bh7 12. g5 hxg5 13. Nxg5 Bg8 14. f4 Na6 15. Bd2 Nb4
16. O-O-O d5 17. exd5 Nfxd5 18. Nge4 Qc7 19. Qg4 O-O-O 20. Qxg7 Rh7 21. Qe5 Qb6
22. f5 Nxc2 23. Nxd5 Rxd5 24. Qg3 Nd4 25. Kb1 Qb3 26. Rc1 Rd8 27. Rc3 Qb6 28.
Qf2 f6 29. fxe6 Bxe6 30. Bh3 f5 31. Ng5 Bxg5 32. Bxg5 Rdd7 33. Bf6 Rxh5 34. Re1
Rxh3 35. Rxe6 Kb8 36. Re8+ Ka7 37. Qf4 c5 38. Qb8+ Ka6 39. Qa8+ Qa7 40. Qxa7+
Kxa7 41. Rxc5 Nc6 42. Bc3 Rhxd3 1/2-1/2